000 00512pam a2200193 a 4500
005 20131009053144.0
008 910531s1992 nyua 001 0 eng
020 _a0134888758
041 0 _aeng
080 _a007.52
_x(075.8)
100 1 _aSelig, J. M.
245 1 0 _aIntroductory robotics /
_cJ.M. Selig.
260 _aNew York :
_bPrentice Hall,
_cc1992.
300 _aviii, 152 p. :
_bill. ;
_c24 cm.
500 _aPreface f. : VII - VIII
500 _aIncludes index.
650 0 _aRobotët
942 _2udc
_cBK
999 _c67
_d67